The exclusive economic zone : A study of the evolution and progressive development of the international law of the sea
This study of the evolution of the concept of the exclusive economic zone is, in reality, a reconstruction of the dynamic processes which have characterised the international law of the sea almost from its inception.
Kaydedildi:
| Yazar: | |
|---|---|
| Materyal Türü: | Kitap |
| Dil: | Undetermined |
| Baskı/Yayın Bilgisi: |
Geneve
Institut universitaire de hautes études internationales
1979
|
| Konular: | |
| Etiketler: |
Etiketle
Etiket eklenmemiş, İlk siz ekleyin!
|
| Thư viện lưu trữ: | Trung tâm Học liệu Trường Đại học Cần Thơ |
|---|
| LEADER | 00927nam a2200205Ia 4500 | ||
|---|---|---|---|
| 001 | CTU_218725 | ||
| 008 | 210402s9999 xx 000 0 und d | ||
| 082 | |a 341.44 | ||
| 082 | |b E96 | ||
| 100 | |a Extavour, Winston Conrad | ||
| 245 | 4 | |a The exclusive economic zone : | |
| 245 | 2 | |b A study of the evolution and progressive development of the international law of the sea | |
| 245 | 0 | |c Winston Conrad Extavour | |
| 260 | |a Geneve | ||
| 260 | |b Institut universitaire de hautes études internationales | ||
| 260 | |c 1979 | ||
| 520 | |a This study of the evolution of the concept of the exclusive economic zone is, in reality, a reconstruction of the dynamic processes which have characterised the international law of the sea almost from its inception. | ||
| 650 | |a Economic zones (Law of the sea),Đặc khu kinh tế (Luật biển) | ||
| 904 | |i Trúc | ||
| 980 | |a Trung tâm Học liệu Trường Đại học Cần Thơ | ||